| 000 | 00835nam a2200217 a 4500 | ||
|---|---|---|---|
| 001 | 000025910 | ||
| 005 | 20240418073801.0 | ||
| 008 | 110224s1996 dr 000 0 spa d | ||
| 040 |
_aDO-SdBNP _bspa _cBNPHU |
||
| 082 |
_aR 016.860097293 _bB582c |
||
| 245 | 0 | 4 |
_aUna bibliografía cronológica de las antologías literarias dominicanas (1874-1996) / _ccompilador Miguel Collado. |
| 260 |
_aSanto Domingo : _bEdiciones CEDIBIL, _c1996. |
||
| 300 |
_a27 p. ; _c22 cm. |
||
| 490 | 1 |
_aCalímaco _acuaderno _v5, _n1 |
|
| 590 | _aInventariado, 2019/VM | ||
| 650 |
_aLiteratura dominicana _y1874-1996 _vCOLECCIONES _952773 |
||
| 650 | 4 |
_aLiteratura dominicana _y1874-1996 _vBIBLIOGRAFÍAS _952774 |
|
| 700 | 1 |
_aCollado, Miguel A., _d1954- _ecomp. _924696 |
|
| 830 | 0 |
_aCalímaco _pcuaderno _v5, _n1 _952775 |
|
| 910 | _aValidado. Control de calidad MFF | ||
| 999 |
_c25402 _d25402 |
||